| 000 | 00497nam a22001817a 4500 | ||
|---|---|---|---|
| 999 |
_c5763 _d5763 |
||
| 003 | AR-CdUCM | ||
| 008 | 190313b ||||| |||| 00| 0 spa d | ||
| 040 |
_aMUNICIPALIDAD PROVINCIAL DEL CUSCO _cBIBLIOTECA MUNICIPAL DEL CUSCO |
||
| 082 |
_a869.56 / _bH11 |
||
| 100 |
_aHabich, Edgardo de _911825 |
||
| 245 | _aMatices de tormenta / | ||
| 260 |
_aLima : _bCóndor, _c1964. |
||
| 300 |
_a91 páginas ; _c17 cm. |
||
| 505 | _aNovela. | ||
| 650 |
_aNovela. _95 |
||
| 942 |
_2ddc _cLIBROS |
||
| 945 | _awfj | ||